{"text_format":"3","workbook":"xlsx","n_sheets":1,"sheets":["广告类"],"not_rendered":{"defined_names":2},"read":"whole","date_system":"1900"}

{"sheet":"广告类","index":0,"n_rows":45,"n_cols":11,"rows_kept":45,"merged":[[0,0,1,10],[43,0,43,2],[44,0,44,10]]}
["各项目零星物资集中采购清单（广告类）"]
[]
["序号","材料名称","型号","单位","数量","材料\n不含税单价","数量","材料\n不含税单价","不含税\n金额","不含税\n金额","备注"]
[1,"安全标语","6米","副",8,{"v":60,"d":"60.00"},{"$f":"E4*10","v":{"v":80,"d":"80.00"}},{"$f":"F4*1.05","v":{"v":63,"d":"63.00"}},{"$f":"H4*E4","v":{"v":504,"d":"504.00"}},{"$f":"G4*H4","v":{"v":5040,"d":"5040.00"}}]
[2,"安全警示牌（不锈钢）\n","画面1X1.2米  柱高3.1米","块",1,{"v":380,"d":"380.00"},{"$f":"E5*10","v":{"v":10,"d":"10.00"}},{"$f":"F5*1.05","v":{"v":399,"d":"399.00"}},{"$f":"H5*E5","v":{"v":399,"d":"399.00"}},{"$f":"G5*H5","v":{"v":3990,"d":"3990.00"}}]
[3,"安全警示牌（不锈钢）\n","反光画面，1X1.2米，柱高3.1米","块",1,{"v":440,"d":"440.00"},{"v":10,"d":"10.00"},{"$f":"F6*1.05","v":{"v":462,"d":"462.00"}},{"v":462,"d":"462.00"},{"v":4620,"d":"4620.00"}]
[4,"桥梁警示告知牌","版面1.3X1.1米，柱高3米，反光","块",1,{"v":450,"d":"450.00"},{"v":10,"d":"10.00"},{"$f":"F7*1.05","v":{"v":472.5,"d":"472.50"}},{"v":472.5,"d":"472.50"},{"v":4725,"d":"4725.00"}]
[5,"施工路段警示立柱\n","版面1.3X1.1米，柱高4米，反光","块",1,{"v":480,"d":"480.00"},{"v":10,"d":"10.00"},{"v":504,"d":"504.00"},{"v":504,"d":"504.00"},{"v":5040,"d":"5040.00"}]
[6,"安全警示牌","0.9米X0.6米，木架插牌，双面","块",8,{"v":60,"d":"60.00"},{"v":80,"d":"80.00"},{"v":63,"d":"63.00"},{"v":504,"d":"504.00"},{"v":5040,"d":"5040.00"}]
[7,"安全警示牌","0.8米X0.6米，木架插牌，双面","块",9,{"v":55,"d":"55.00"},{"v":90,"d":"90.00"},57.75,519.75,{"v":5197.5,"d":"5197.50"}]
[8,"安全警示牌","0.7米X0.5米，木架插牌，双面","块",10,{"v":50,"d":"50.00"},{"v":100,"d":"100.00"},{"v":52.5,"d":"52.50"},{"v":525,"d":"525.00"},{"v":5250,"d":"5250.00"}]
[9,"安全警示牌","0.6米X0.4米，木架插牌，双面","块",11,{"v":45,"d":"45.00"},{"v":110,"d":"110.00"},47.25,519.75,{"v":5197.5,"d":"5197.50"}]
[10,"安全标语","70公分宽加木方","米",59,{"v":7,"d":"7.00"},{"v":590,"d":"590.00"},7.35,433.65,{"v":4336.5,"d":"4336.50"}]
[11,"安全标语","90公分宽加木方","米",60,{"v":8,"d":"8.00"},{"v":600,"d":"600.00"},{"v":8.4,"d":"8.40"},{"v":504,"d":"504.00"},{"v":5040,"d":"5040.00"}]
[12,"短排LED警示灯","48-70W","套",6,{"v":80,"d":"80.00"},{"v":60,"d":"60.00"},{"v":84,"d":"84.00"},{"v":504,"d":"504.00"},{"v":5040,"d":"5040.00"}]
[13,"反光背心","防静电、针织棉","件",27,{"v":18,"d":"18.00"},{"v":270,"d":"270.00"},{"v":18.9,"d":"18.90"},{"v":510.3,"d":"510.30"},{"v":5103,"d":"5103.00"}]
[14,"防撞桶","55*75cm","个",4,{"v":120,"d":"120.00"},{"v":40,"d":"40.00"},{"v":126,"d":"126.00"},{"v":504,"d":"504.00"},{"v":5040,"d":"5040.00"}]
[15,"减速带","5公分厚，30米长","米",7,{"v":65,"d":"65.00"},{"v":70,"d":"70.00"},68.25,477.75,{"v":4777.5,"d":"4777.50"}]
[16,"指令标志","300*400mm","块",96,5,{"v":960,"d":"960.00"},5.25,{"v":504,"d":"504.00"},{"v":5040,"d":"5040.00"}]
[17,"警告标志","300*400mm","块",96,{"v":5,"d":"5.00"},{"v":960,"d":"960.00"},5.25,{"v":504,"d":"504.00"},{"v":5040,"d":"5040.00"}]
[18,"提示标志","300*400mm","块",96,{"v":5,"d":"5.00"},{"v":960,"d":"960.00"},5.25,{"v":504,"d":"504.00"},{"v":5040,"d":"5040.00"}]
[19,"夜间警示诱导灯 ","左、右向箭头灯 BGF-329","个",3,{"v":160,"d":"160.00"},{"v":30,"d":"30.00"},{"v":168,"d":"168.00"},{"v":504,"d":"504.00"},{"v":5040,"d":"5040.00"}]
[20,"锥形桶","PVC材质\n高735mm 底径525mm带沙陀","个",17,{"v":28,"d":"28.00"},{"v":170,"d":"170.00"},{"v":29.4,"d":"29.40"},{"v":499.8,"d":"499.80"},{"v":4998,"d":"4998.00"}]
[21,"迎检展板","3x1.5m  KT板","块",2,{"v":240,"d":"240.00"},{"v":20,"d":"20.00"},{"v":252,"d":"252.00"},{"v":504,"d":"504.00"},{"v":5040,"d":"5040.00"}]
[22,"维权告示牌","2.4x1.2m KT板","块",3,{"v":170,"d":"170.00"},{"v":30,"d":"30.00"},{"v":178.5,"d":"178.50"},{"v":535.5,"d":"535.50"},{"v":5355,"d":"5355.00"}]
[23,"七牌一图","0.7x0.9m 不锈钢立牌","块",2,{"v":280,"d":"280.00"},{"v":20,"d":"20.00"},{"v":294,"d":"294.00"},{"v":588,"d":"588.00"},{"v":5880,"d":"5880.00"}]
[24,"工地平面图","2.4x1.2m KT板","块",3,{"v":170,"d":"170.00"},{"v":30,"d":"30.00"},{"v":178.5,"d":"178.50"},{"v":535.5,"d":"535.50"},{"v":5355,"d":"5355.00"}]
[25,"山坡立牌","1.5x1.8m 镀锌管+画面","块",1,{"v":480,"d":"480.00"},{"v":10,"d":"10.00"},{"v":504,"d":"504.00"},{"v":504,"d":"504.00"},{"v":5040,"d":"5040.00"}]
[26,"喷绘布 常规",null,"㎡",96,{"v":5,"d":"5.00"},{"v":960,"d":"960.00"},5.25,{"v":504,"d":"504.00"},{"v":5040,"d":"5040.00"},"不含安装"]
[27,"喷绘布 打围",null,"㎡",44,{"v":11,"d":"11.00"},{"v":440,"d":"440.00"},11.55,{"v":508.2,"d":"508.20"},{"v":5082,"d":"5082.00"},"含安装"]
[28,"户外背胶车贴",null,"㎡",40,{"v":12,"d":"12.00"},{"v":400,"d":"400.00"},{"v":12.6,"d":"12.60"},{"v":504,"d":"504.00"},{"v":5040,"d":"5040.00"}]
[29,"高清户外写真+KT板",null,"㎡",28,{"v":17,"d":"17.00"},{"v":280,"d":"280.00"},17.85,{"v":499.8,"d":"499.80"},{"v":4998,"d":"4998.00"}]
[30,"户外写真+5毫米 PVC板",null,"㎡",16,{"v":30,"d":"30.00"},{"v":160,"d":"160.00"},{"v":31.5,"d":"31.50"},{"v":504,"d":"504.00"},{"v":5040,"d":"5040.00"}]
[31,"安全帽","玻璃钢AL-0902","顶",13,{"v":35,"d":"35.00"},{"v":130,"d":"130.00"},36.75,477.75,{"v":4777.5,"d":"4777.50"}]
[32,"反光背心","防静电、针织棉","件",34,{"v":14,"d":"14.00"},{"v":340,"d":"340.00"},{"v":14.7,"d":"14.70"},{"v":499.8,"d":"499.80"},{"v":4998,"d":"4998.00"}]
[33,"减速带","5公分厚，30米长","米",3,{"v":146,"d":"146.00"},{"v":30,"d":"30.00"},{"v":153.3,"d":"153.30"},{"v":459.9,"d":"459.90"},{"v":4599,"d":"4599.00"}]
[34,"爆闪灯","爆闪灯双面 4灯5W/8AH0.25W550*140*170mm","个",2,{"v":253,"d":"253.00"},{"v":20,"d":"20.00"},265.65,{"v":531.3,"d":"531.30"},{"v":5313,"d":"5313.00"}]
[35,"夜间警示诱导灯","左、右向箭头灯 BGF-329","个",1,{"v":373,"d":"373.00"},{"v":10,"d":"10.00"},391.65,391.65,{"v":3916.5,"d":"3916.50"}]
[36,"对讲机","400-470MHz","组",2,{"v":220,"d":"220.00"},{"v":20,"d":"20.00"},{"v":231,"d":"231.00"},{"v":462,"d":"462.00"},{"v":4620,"d":"4620.00"}]
[37,"安全警示带","加厚涤纶 100m","圈",69,{"v":7,"d":"7.00"},{"v":690,"d":"690.00"},7.35,507.15,{"v":5071.5,"d":"5071.50"}]
[38,"短排LED警示灯","48-70W","套",2,{"v":216,"d":"216.00"},{"v":20,"d":"20.00"},{"v":226.8,"d":"226.80"},{"v":453.6,"d":"453.60"},{"v":4536,"d":"4536.00"}]
[39,"临边防护栏杆","网格 1.2m*2m","m",6,{"v":79,"d":"79.00"},{"v":60,"d":"60.00"},82.95,{"v":497.7,"d":"497.70"},{"v":4977,"d":"4977.00"}]
[40,"广角镜","80cm","套",2,{"v":238,"d":"238.00"},{"v":20,"d":"20.00"},{"v":249.9,"d":"249.90"},{"v":499.8,"d":"499.80"},{"v":4998,"d":"4998.00"}]
["合计",{"$nulls":7},{"v":19831,"d":"19831.00"},{"$f":"SUM(J4:J43)","v":{"v":198271.5,"d":"198271.50"}}]
["注明：1、综合单价包含材料费、上下车费、运输费等。\n2、付款方式：月结。\n3、质量要求：满足现场要求。\n4、采购数量按项目实际需求结算。"]